| 000 | 00758nam a2200205 a 4500 | ||
|---|---|---|---|
| 001 | 000259521 | ||
| 003 | AM-YeHGA | ||
| 005 | 20250618071735.0 | ||
| 008 | 030908s1973 aj |||||||||||||||1|arm|d | ||
| 040 | _aAM-YeHGA | ||
| 041 | 0 | _aarm | |
| 100 | 1 |
_aԲեգլարյան, Հրաչյա Միքայելի, _d1934-2009 _99437 |
|
| 245 | 1 | 0 |
_aԿաղնին ժայռի վրա : _b[Բանաստեղծություններ] / _cՀ. Բեգլարյան ; Խմբ.՝ Գ. Աղաջանյան. |
| 260 |
_aԲաքու : _bԱդրբեջանի պետհրատ, _c1973. |
||
| 300 |
_a55 էջ ; _c17 սմ. |
||
| 650 | 1 | 4 | _aՀայ գրականություն |
| 700 | 1 |
_aԱղաջանյան, Գևորգ Միքայելի, _d1931- _eխմբ. _4edt _98890 |
|
| 942 |
_2udc _cBK |
||
| 090 | _c95018 | ||
| 999 |
_c93718 _d93718 |
||